Matemáticas 3 : (Registro nro. 7944)

Detalles MARC
000 -LIDER
fixed length control field 01506nam a2200373 a 4500
001 - NÚMERO DE CONTROL
Identificador de número de control 00127
003 - IDENTIFICACDOR DE NÚMERO DE CONTROL
control field DO-SdBNP
005 - DATE AND TIME OF LATEST TRANSACTION
control field 20160411125022.0
007 - CAMPOS FIJOS DE DESCRIPCIÓN FÍSICA
fixed length control field 00127
008 - ELEMENTOS DE LONGITUD FIJA
fixed length control field 160331b dr 2008 ||||| |||| 00| 0 spa d
020 ## - ISBN
International Standard Book Number 9789945113242
040 ## - FUENTE DE CATALOGACIÓN
Agencia que crea de manera original el registro BPMSU
Idioma de catalogación spa
Agencia que realiza la transcripción BPMSU
092 ## - LOCALLY ASSIGNED DEWEY DECIMAL CALL NUMBER
Número de clasificación 372.7
Número de ítem (Cutter) S237m 3ro, 2008
100 1# - ASIENTO PRINCIPAL -- NOMBRE PERSONAL
Nombre personal Santos, Altagracia
245 10 - MENCIÓN DE TITULO
Título Matemáticas 3 :
Subtítulo educación básica /
Mención de responsabilidad Altagracia Santos ; editor Andrés Molina Maloon
260 ## - PUBLICACIÓN, DISTRIBUCIÓN, ETC. (PIE DE IMPRENTA)
Lugar de publicación, distribución, etc Santo Domingo :
Nombre del editor, distribuidor, etc. Santillana,
Fecha de publicación, distribución, etc 2008.
Fecha de impresión ( v.1. reeimpresión 2011)
300 ## - DESCRIPCIÓN FÍSICA
Extensión 3v. :
Otros detalles físicos il., retrs. ;
Dimensiones 30 cm.
Material complementario + CD-ROM
490 1# - MENCIÓN DE SERIES
Mención de serie Coral
505 0# - NOTA DE CONTENIDO
Título Unidades de millar --
-- Suma y resta --
-- La multiplicación --
-- La división --
-- Decenas de millar --
-- Las fracciones --
-- Unidades de longitud --
-- El tiempo y su medida --
-- Área --
-- Ángulos --
-- Figuras y cuerpos --
-- Otras medidas --
505 0# - NOTA DE CONTENIDO
Información miscelánea v.3 . Cuaderno
650 #4 - ENCABEZAMIENTO DE MATERIA--TEMÁTICO
Término temático o nombre geográfico como elemento de entrada MATEMÁTICAS
Subdivisión temática general ENSEÑANZA ELEMENTAL
650 #4 - ENCABEZAMIENTO DE MATERIA--TEMÁTICO
Término temático o nombre geográfico como elemento de entrada EDUCACIÓN PRIMARIA
Subdivisión geográfica REPÚBLICA DOMINICANA
650 #4 - ENCABEZAMIENTO DE MATERIA--TEMÁTICO
Término temático o nombre geográfico como elemento de entrada MATEMÁTICAS
Subdivisión temática general LIBROS DE TEXTOS
650 #4 - ENCABEZAMIENTO DE MATERIA--TEMÁTICO
Término temático o nombre geográfico como elemento de entrada EDUCACIÓN PRIMARIA
Subdivisión geográfica REPÚBLICA DOMINICANA
650 #4 - ENCABEZAMIENTO DE MATERIA--TEMÁTICO
Término temático o nombre geográfico como elemento de entrada MATEMÁTICAS
Subdivisión temática general ESTUDIOS Y EJERCICIOS
700 12 - ASIENTO SECUNDARIO -- NOMBRE PERSONAL
Nombre personal Molina Maloon, Andrés,
Mención de responsabilidad ed.
830 #0 - ASIENTO SECUNDARIO DE SERIE--TÍTULO UNIFORME
Título uniforme Coral
910 ## - VALIDACIÓN
Validación Validado. Control de calidad MFF
930 #1 - EQUIVALENCE OR CROSS-REFERENCE-UNIFORM TITLE HEADING [LOCAL, CANADA]
Language of a work BND01
Medium of performance for music LF1
Field link and sequence number 20150702
Date of a work 01
Name of part/section of a work HD
Miscellaneous information 49399
942 ## - ADDED ENTRY ELEMENTS (KOHA)
Source of classification or shelving scheme Dewey Decimal Classification
Koha item type Libros
956 ## - LOCAL ELECTRONIC LOCATION AND ACCESS (OCLC)
Nombre de host YLOCKWARD
Número de acceso 10
Información de compresión 20150703
Inicio de sesión BND01
Procesador de solicitud 0946
956 ## - LOCAL ELECTRONIC LOCATION AND ACCESS (OCLC)
Nombre de host VMATEO
Número de acceso 10
Información de compresión 20150706
Inicio de sesión BPMSU
Procesador de solicitud 00151
956 ## - LOCAL ELECTRONIC LOCATION AND ACCESS (OCLC)
Nombre de host BTAVÁREZ
Número de acceso 10
Información de compresión 20160410
Inicio de sesión BPMSU
Procesador de solicitud 00127
Existencias
Withdrawn status Lost status Source of classification or shelving scheme Damaged status Not for loan Collection code Home library Current library Date acquired Total Checkouts Full call number Barcode Date last seen Price effective from Koha item type Source of acquisition Copy number
    Dewey Decimal Classification       Biblioteca Pública Metropolitana Salomé Ureña Biblioteca Pública Metropolitana Salomé Ureña 04/08/2016   372.7 S237m 3ro 2008 v.1 BPMSU16040279 04/08/2016 04/08/2016 Libros    
    Dewey Decimal Classification       Biblioteca Pública Metropolitana Salomé Ureña Biblioteca Pública Metropolitana Salomé Ureña 04/11/2016   372.7 S237m 3ro v.2 Guía BPMSU16040281 04/11/2016 04/11/2016 Libros Donación  
    Dewey Decimal Classification       Biblioteca Pública Metropolitana Salomé Ureña Biblioteca Pública Metropolitana Salomé Ureña 04/11/2016   372.7 S237m 3ro. 2008, v.2 Guía BPMSU16040280 04/11/2016 04/11/2016 Libros Donación ej.2
    Dewey Decimal Classification       Biblioteca Pública Metropolitana Salomé Ureña Biblioteca Pública Metropolitana Salomé Ureña 04/11/2016   372.7 S237m 3ro. 2008, v.3 Cuaderno BPMSU16040282 04/11/2016 04/11/2016 Libros Donación  
    Dewey Decimal Classification       Biblioteca Pública Metropolitana Salomé Ureña Biblioteca Pública Metropolitana Salomé Ureña 04/11/2016   372.7 S237m 3ro. 2008, v.3 Cuaderno BPMSU16040283 04/11/2016 04/11/2016 Libros Donación ej. 2